000 00761nam a2200229 a 4500
999 _c5182
_d5182
001 5182
003 BD-JhCC
005 20171213121247.0
008 171210s1984 bg |||| ||a| 000 0 ben d
035 _a(BD-JhCC)5182
040 _aBD-JhCC
_dBD-JhCC
041 _aben
082 _a103
_bDAR 1984
245 _aদর্শন পরিভাষাকোষ /
_cমফিজউদ্দীন আহমদ; আবদুল মতীন (সম্পাদনা)
260 _aঢাকা :
_bবাংলা একাডেমী,
_c1984.
300 _a174 p. :
_c22 cm.
650 _aTerminotogy of Philosophy
700 _aআহমদ, মফিজউদ্দীন
700 _aমতীন, আবদুল
942 _2ddc
_cBK